000 00609nam#a2200241#c#4500
003 IEF
005 20180219150625.0
008 941205s1983 uuu####fr####| 0||u| |u
017 _aB-34.753-1983
020 _a843830026X
040 _aIEF
245 _aPlan general de contabilidad
250 _a10ª ed. act. y ampl.
260 _a[Barcelona]
_b Banca Mas Sardá
_c1983
300 _a465 p.
_c 24 cm.
650 4 _aPLAN GENERAL DE CONTABILIDAD
_948018
650 4 _aEMPRESAS
_943504
650 4 _aCONTABILIDAD
_940740
650 4 _aESPAÑA
_941092
942 _cLIB
942 _z34498
999 _c9073
_d9073